| 000 | 00543nam a2200193 i 4500 | ||
|---|---|---|---|
| 001 | 150209 | ||
| 003 | ES-MaACL | ||
| 005 | 20230906203424.0 | ||
| 007 | t| | ||
| 008 | 071029s1980 sp ||||1| spa d | ||
| 100 | 1 |
_aVaca, César. _9112357 |
|
| 245 | 1 | 3 |
_aEl sentido del cuerpo / _cCésar Vaca. |
| 260 |
_a[Madrid] : _bLa Edit. Católica, _c[1980] |
||
| 300 |
_a30 p. ; _c19 cm. |
||
| 490 | 1 |
_aCuadernos B.A.C. ; _v33 |
|
| 830 | 0 |
_aCuadernos B.A.C. ; _v33 _9233403 |
|
| 852 |
_aES-MaACL _j2111-F-5 _bR.100636 |
||
| 999 |
_c150209 _d150209 |
||